• 首页
  • 本馆介绍
  • 公告通知
  • 最新文献
  • 馆藏检索
  • 电子资源
  • 读者导购
  • 参考咨询
  • 我的图书馆
  • 登录
  • 详细信息显示
  • 放入我的书架
  • 预约/预借图书
  • 作者相关作品
  • 分类相关作品
  • 丛书相关作品
  • 出版社相关作品

书目信息

  • 表格格式
  • 工作单格式
  • 卡片格式
题名:
卫生小常识
    
 
作者: 韩济生 , 范正祥 编写
分册:  
出版信息: 北京   中国少年儿童出版社  1978
页数: 150页
开本: 19cm
丛书名: 少年百科丛书
单 册:
中图分类: N51
科图分类:
主题词: 自然科学--多卷书 , 自然科学--丛书 , 儿童少年卫生--基本知识
电子资源:
ISBN:
000 00754nam2 2200277 45
001 0178000458
005 20060815091838.40
010    @dCNY0.32
091    @aR14056.2
100    @a19950803d1978 em y0chiy0121 ea
101 0  @achi
102    @aCN@b110000
105    @ay z 000yy
200 10 @a卫生小常识@Awei sheng xiao chang shi@f韩济生,范正祥编写
210    @a北京@c中国少年儿童出版社@d1978
215    @a150页@d19cm
225 2  @a少年百科丛书
410  0 @120010@a少年百科丛书
606 0  @a自然科学@x多卷书
606 0  @a自然科学@x丛书
606    @a儿童少年卫生@x基本知识
690    @aN51
701  0 @a韩济生@Ahan ji sheng@4编写
701  0 @a范正祥@Afan zheng xiang@4编写
801  0 @aCN@bNLC@c20060815
905    @f2@b5672-673@dN51@e100
    
    卫生小常识/韩济生,范正祥编写.-北京:中国少年儿童出版社,1978
    150页;19cm.-(少年百科丛书)
    
    
    ISBN :CNY0.32
    
●
相关链接 在E读中查询图书 在五车中查询图书 在当当中查询图书 在豆瓣中查询图书


正题名:卫生小常识     索取号:N51/100         预约/预借

序号 登录号 条形码 馆藏地/架位号 状态 备注
1 0005672   001232062   第二样本阅览室/ [索取号:N51/100] 在馆    
2 0005673   001232035   第三借阅区/ [索取号:N51/100] 在馆    
3 0438189   204381891   密集书库/ [索取号:N51/100] 在馆    
4 0458394   204583940   密集书库/ [索取号:N51/100] 在馆    
唐山师范学院图书馆 欢迎您!
大连网信软件有限公司© 版权所有